| 000 | 00453nam a22001697a 4500 | ||
|---|---|---|---|
| 999 |
_c526916 _d526916 |
||
| 003 | NUST | ||
| 038 | _awaseem | ||
| 082 |
_a929.2 _bADU |
||
| 100 |
_aAbdul hameed, Muhammad _917920 |
||
| 245 |
_aShahan gojar / _cMuhammad Abdul hameed |
||
| 260 |
_aLahore : _bGojar acadme, _c1934. |
||
| 300 | _a539 p. ; | ||
| 500 | _aHardcover. | ||
| 880 |
_6100-01\r _aمحمد عبدالحمید |
||
| 880 |
_6245-02\r _aشاھَانِ گوجر / |
||
| 942 |
_2ddc _cBK |
||